<?xml version="1.0" encoding="UTF-8"?>
<marc:record xmlns:marc="http://www.loc.gov/MARC21/slim">
   <marc:leader>00000nam a2200000 a 4500</marc:leader>
   <marc:datafield ind1="1" ind2=" " tag="100">
      <marc:subfield code="a">Fritzsche, Doris</marc:subfield>
      <marc:subfield code="4">ctb</marc:subfield>
      <marc:subfield code="e">Mitwirkende/-r</marc:subfield>
   </marc:datafield>
   <marc:datafield ind1="1" ind2=" " tag="100">
      <marc:subfield code="a">Bohlmann, Friedrich</marc:subfield>
      <marc:subfield code="4">ctb</marc:subfield>
      <marc:subfield code="e">Mitwirkende/-r</marc:subfield>
   </marc:datafield>
   <marc:datafield ind1="1" ind2=" " tag="100">
      <marc:subfield code="a">Szwillus, Marlisa</marc:subfield>
      <marc:subfield code="4">ctb</marc:subfield>
      <marc:subfield code="e">Mitwirkende/-r</marc:subfield>
   </marc:datafield>
   <marc:datafield ind1=" " ind2=" " tag="653">
      <marc:subfield code="a">Diabetes mellitus</marc:subfield>
   </marc:datafield>
   <marc:datafield ind1=" " ind2=" " tag="653">
      <marc:subfield code="a">Ernährung</marc:subfield>
   </marc:datafield>
   <marc:datafield ind1=" " ind2=" " tag="653">
      <marc:subfield code="a">Kochbuch</marc:subfield>
   </marc:datafield>
   <marc:datafield ind1=" " ind2=" " tag="653">
      <marc:subfield code="a">Ratgeber</marc:subfield>
   </marc:datafield>
   <marc:datafield ind1="0" ind2="0" tag="245">
      <marc:subfield code="a">Das grosse Diabetiker-Kochbuch</marc:subfield>
   </marc:datafield>
   <marc:datafield ind1="0" ind2="0" tag="245">
      <marc:subfield code="b">jeden Tag genießen</marc:subfield>
   </marc:datafield>
   <marc:datafield ind1="0" ind2="0" tag="245">
      <marc:subfield code="c">Fritzsche ; Bohlmann ; Szwillus. [Titelbild und alle anderen Bilder: Eising-Studio - Food Photo &amp; Video</marc:subfield>
   </marc:datafield>
   <marc:datafield ind1=" " ind2="1" tag="264">
      <marc:subfield code="a">München</marc:subfield>
      <marc:subfield code="b">Gräfe und Unzer</marc:subfield>
      <marc:subfield code="c">2011</marc:subfield>
   </marc:datafield>
   <marc:datafield ind1="1" ind2=" " tag="520">
      <marc:subfield code="a">Angaben aus der Verlagsmeldung

Das große Diabetiker-Kochbuch : Jeden Tag genießen / von Friedrich Bohlmann, Marlisa Szwillus, Doris Fritzsche

Nach der Diagnose Diabetes ändert sich vieles im täglichen Leben. Und gerade das Essen steht besonders im Fokus der Veränderung. Aber keine Sorge es gibt keine Verbote mehr, alle Lebensmittel sind erlaubt, denn die bewusste Auswahl und Menge ist entscheidend. Tag für Tag genussvoll essen und weiterhin Lieblingsgerichte genießen, muss das Ziel sein. Für jede Mahlzeit des Tages vom Frühstück bis zum Abendessen bieten unsere Rezepte viel Abwechslung und für jeden Geschmack etwas. Die Zutaten sind in jedem Supermarkt erhältlich und die Zubereitung ist schnell. Mit dem Wochenplan fällt die Ernährungsumstellung ganz leicht und in aller Ruhe werden die neuen Gewohnheiten eingeübt. Gut verständlich und auf dem neuesten Wissensstand vermitteln wir im Theorieteil alles Wichtige zu Diabetes mellitus. Außerdem erleichtern viele praktische Hilfen und Tipps die Umsetzung der neuen Ziele im Alltag.
</marc:subfield>
   </marc:datafield>
   <marc:datafield ind1=" " ind2=" " tag="020">
      <marc:subfield code="a">9783833822667</marc:subfield>
      <marc:subfield code="9">9783833822667</marc:subfield>
   </marc:datafield>
   <marc:datafield ind1=" " ind2=" " tag="020">
      <marc:subfield code="a">383382266X</marc:subfield>
      <marc:subfield code="9">383382266X</marc:subfield>
   </marc:datafield>
   <marc:datafield ind1=" " ind2=" " tag="041">
      <marc:subfield code="a">ger</marc:subfield>
   </marc:datafield>
   <marc:datafield ind1=" " ind2=" " tag="300">
      <marc:subfield code="a">288 S.</marc:subfield>
   </marc:datafield>
</marc:record>
